000 00648nam a2200217Ia 4500
005 20250508161656.0
008 008 250505s9999 xx 000 0 eng d
020 _a0-8114-3885-6
037 _aTextual
040 _aFEDL
_beng
_cFEDL
041 _aeng
_2eng
084 _a809.972 9, JON
_qFEDL
100 _aJones Joseph
_9771290
245 0 _aAuthors and areas of the West Indies
260 _aAustin
_bSteck-Vaughn Company
_c1970
300 _axiv,82p
490 _aPeople and places in World -Englisn literature; 2
700 _a Jones Johanna
_9771291
942 _cTEXL
_h809.972 9, JON
999 _c1371486
_d1371486